=LDR 00000nam 2200000 4500 =001 INLIS000000000038253 =005 20140702115940.0 =006 =007 =008 Ind =035 ##$$a 0010-061300000038253 =041 ##$$a Ind =082 ##$$a 641.5 =090 ##$$a 641.5, Che r =100 ##$$a Chendhawati =245 ##$$a Resep andalan ny liem, Masakan favorite, Chendhawati; Editor, Intarina Hardiman =260 ##$$a 2007 $b Jakarta =300 ##$$a 53 hlm, Ilus, 21 cm =650 ##$$a Masakan =700 ##$$a Hardiman, Intarina =850 ##$$a NBPNMAT =990 ##$$a 21400613/BPAP-NTB/20142014 =990 ##$$a 01300130 =990 ##$$a 01201800130 =990 ##$$a 21400613/BPAP-NTB/20142014